El trabajo transfigurado: los discursos del trabajo en la primera mitad del siglo XIX
Na minha lista:
| Autor principal: | |
|---|---|
| Formato: | Livro |
| Idioma: | espanhol |
| Publicado em: |
Valencia
Universitat de València
2005
|
| Colecção: | Historia
|
| Assuntos: | |
| Tags: |
Adicionar Tag
Sem tags, seja o primeiro a adicionar uma tag!
|
MARC
| LEADER | 00000nam a2200000 a 4500 | ||
|---|---|---|---|
| 001 | UCI1203 | ||
| 003 | CL-VaPUC | ||
| 008 | 070622e20050000SP |||||||||||||||||spa|d | ||
| 020 | |a 8437062926 | ||
| 082 | 0 | 4 | |a 302.3 |b DIE |2 21 |
| 100 | 0 | |a Díez Rodríguez, Fernando |e author |9 521545 | |
| 245 | 1 | 3 | |a El trabajo transfigurado: los discursos del trabajo en la primera mitad del siglo XIX |
| 300 | |a 308 p | ||
| 942 | |c BK | ||
| 945 | |d 20070622 00:00:00 |a jtorresc | ||
| 260 | |a Valencia |b Universitat de València |c 2005 | ||
| 650 | 0 | |a Relaciones humanas |9 307340 | |
| 650 | 0 | |a Trabajo |9 313876 | |
| 650 | 0 | |a Aspectos sociales |9 254894 | |
| 650 | 7 | |a HISTORIA SOCIAL SIGLO 19 |2 CL-VaPUC |9 440414 | |
| 583 | |a last modification |c 20160829 04:32:09 |k Rodrigo Vera | ||
| 490 | 0 | |a Historia | |
| 999 | |c 326044 |d 326042 | ||
| 952 | |0 0 |1 0 |4 0 |6 302_300000000000000_DIE_2005 |7 0 |8 A |9 407663 |a BIBHIS |b BIBHIS |d 2019-11-22 |i 434586K |o 302.3 DIE 2005 |p 434586K |r 2025-01-20 |w 2019-11-22 |y BK |k HIS | ||